书目信息 |
| 题名: |
探险家的传奇植物标本簿
|
|
| 作者: | 蒂娜尔 , 富里耶 著 ;魏舒 译 | |
| 分册: | ||
| 出版信息: | 北京 北京联合出版公司 2019 |
|
| 页数: | 162页 | |
| 开本: | 37cm | |
| 丛书名: | ||
| 单 册: | ||
| 中图分类: | Q94-64 | |
| 科图分类: | ||
| 主题词: | 植物--zhi wu--图集 | |
| 电子资源: | ||
| ISBN: | 978-7-5502-8437-1 | |
| 000 | 00945cam0 2200265 45 | |
| 001 | 012001003315 | |
| 005 | 20140130090137.0 | |
| 010 | @a978-7-5502-8437-1@dCNY188.00 | |
| 099 | @aCAL 012017105965 | |
| 100 | @a20170629d2017 em y0chiy50 ea | |
| 101 | 1 | @achi@cfre |
| 102 | @aCN@b110000 | |
| 105 | @aa z 000yy | |
| 106 | @ad | |
| 200 | 1 | @a探险家的传奇植物标本簿@Atan xian jia de chuan qi zhi wu biao ben bu@f(法) 弗洛朗斯·蒂娜尔,(法) 雅尼克·富里耶@d= L'herbier des explorateurs@fFlorence Thinard,Yannick Fourie@g魏舒译@zfre |
| 210 | @a北京@c北京联合出版公司@d2019 | |
| 215 | @a162页@c彩图@d37cm | |
| 500 | 10 | @aL'herbier des explorateurs@mChinese |
| 606 | 0 | @a植物@Azhi wu@j图集 |
| 690 | @aQ94-64@v5 | |
| 701 | 1 | @a蒂娜尔@Adi na er@g(Thinard, Florence),@f1962-@4著 |
| 701 | 1 | @a富里耶@Afu li ye@g(Fourie, Yannick)@4著 |
| 702 | 0 | @a魏舒@Awei shu@4译 |
| 801 | 2 | @aCN@b北京卓展@c20191020 |
| 905 | @b1211184-6@dQ94-64@e426@f3 | |
| 探险家的传奇植物标本簿/(法) 弗洛朗斯·蒂娜尔,(法) 雅尼克·富里耶= L'herbier des explorateurs/Florence Thinard,Yannick Fourie/魏舒译.-北京:北京联合出版公司,2019 |
| 162页:彩图;37cm |
| ISBN 978-7-5502-8437-1:CNY188.00 |
| ● |
| 相关链接 |
|
|
|
|
正题名:探险家的传奇植物标本簿
索取号:Q94-64/426
 
预约/预借
| 序号 | 登录号 | 条形码 | 馆藏地/架位号 | 状态 | 备注 |
| 1 | 1211184 | 212111846 | 第二样本阅览室/ [索取号:Q94-64/426] | 在馆 | |
| 2 | 1211185 | 212111855 | 第三借阅区/ [索取号:Q94-64/426] | 在馆 | |
| 3 | 1211186 | 212111864 | 第三借阅区/ [索取号:Q94-64/426] | 在馆 |